| 000 | 00596nam a2200169 a 4500 | ||
|---|---|---|---|
| 005 | 20240924064346.0 | ||
| 008 | 991125s1990 par 000 0 eng u | ||
| 020 | _a9280311395 | ||
| 035 | _aUPN01000045087 | ||
| 049 | _aCG | ||
| 050 | 4 |
_aLB2806 _bP45 |
|
| 245 | 0 | 0 |
_aPlanning the quality of education : _bthe collection and use of data for informed decision-making / _ceds. Kenneth N. Ross and Lars Máhlck. |
| 260 |
_aParis : _bUNESCO, International Institute for Educational Planning Pergamon Press, _c1990. |
||
| 300 | _a180 p. | ||
| 650 | 4 |
_aEducación _xPlanificación _91146 |
|
| 905 | _aLibro | ||
| 999 |
_c45087 _d45087 |
||